Principaux Empereurs romains - Statistiques

Statistiques générales
  • Ce quiz a été pris 93 fois
  • Le résultat moyen est 9 sur 17
Statistiques - réponses
Hint Réponse % Correct
27 av. J.-C. - 14 ap. J.-C. Auguste
91%
54-68 Néron
90%
37-41 Caligula
76%
161-180 Marc Aurèle
73%
14 - 37 Tibère
68%
41-54 Claude
65%
117-138 Hadrien
64%
98-117 Trajan
55%
69-79 Vespasien
50%
211-217 Caracalla
43%
79-81 Titus
43%
192-211 Septime Sévère
40%
284-305 Dioclétien
39%
475-476 Romulus Augustule
35%
138-161 Antonin le Pieux
31%
306-337 Constantin Ier
21%
379-395 Théodose Ier
16%
Aucun quiz correspondant
Distribution des résultats
% des personnes avec chaque résultat
Percentile par nombre de réponses
Votre historique - résultats
Vous n’avez pas pris ce quiz